00674nam a2200229 u 45000010006000000050017000060080041000230350010000640400013000740410008000870820008000951000040001032450092001432600043002353000018002786500011002966500042003077000037003497000038003865020012004245260008004365400020260504071837.0960313s1988 ||||||m| spa  a54000 ccomduadb aspa 4a36210aPerez Lince, Nubia Estela4auteaut10aLa formacion integral del invidente como premisa fundamental para su integracion social aMedellín :b[sin publicador],c1988. a133 páginas aCiegos aDiscapacitados - Condiciones sociales10aParra Agudelo, Socorro4auteaut10aAngel Bernal, Dora Ines4auteaut b153c15 a155